000
00190 a2200097 4500
001
6433
100
_a
Mons, B
245
_a
high Road to Hunza
260
_a
_b
Faber
_c
090
_c
5293
_d
5293
942
_a
NUST-CAE
_c
M
_c
31704
999
_c
241506
_d
241506